Celebrity : nástin problému /

Hlavní autor: Kozelka, Milan, 1948-2014
Další autoři: Lexová, Andrea, 1978-
Jazyk: Čeština
Vydáno: Olomouc : Gulu-gulu, 2004
Edice: Orlí hnízda
Témata:
Externí odkaz: Digitalizovaný dokument
Fyzický popis: 381 s. : il. ; 21 cm
Knihy
Uloženo v:
LEADER 01283nam a2200349 a 4500
001 000718968
003 CZ BrMZK
005 20160722071850.0
007 ta
008 040531s2004 xr a g 000 f cze
015 |a cnb001312427 
020 |a 80-903438-0-5  |q (brož.) 
040 |a OLA001  |b cze  |d BOA001 
072 7 |a 821.162.3-3  |x Česká próza  |2 Konspekt  |9 25 
080 |a 821.162.3-3  |2 MRF 
080 |a 929  |2 MRF 
080 |a 82-7  |2 MRF 
080 |a (0:82-3)  |2 MRF 
100 1 |a Kozelka, Milan,  |d 1948-2014  |7 jn20000401455  |4 aut 
245 1 0 |a Celebrity :  |b nástin problému /  |c Milan Kozelka ; ilustrace Andrea Lexová 
260 |a Olomouc :  |b Gulu-gulu,  |c 2004 
300 |a 381 s. :  |b il. ;  |c 21 cm 
490 1 |a Orlí hnízda ;  |v díl 1 
500 |a Dostupné též v digitální podobě v aplikaci Kramerius 
650 0 7 |a osobnosti  |7 ph115615  |x humor  |2 czenas 
655 7 |a české prózy  |7 fd133972  |2 czenas 
700 1 |a Lexová, Andrea,  |d 1978-  |7 jn20011018954  |4 ill 
830 0 |a Orlí hnízda 
856 4 1 |u http://www.digitalniknihovna.cz/mzk/uuid/uuid:f91777c0-4ff7-11e6-ab2f-005056827e52  |y Digitalizovaný dokument  |x NDK 
910 |a BOA001  |b 2-1137.005 
990 |a BK 
996 6 |b 2610221750  |c 2-1137.005  |l MZK  |r Sklad / do 1 hodiny  |n 5  |p p.v.  |w 000718968  |u 000010  |a 1  |e BOA001  |j MZK50  |s P